Eurovision 2018 Grand Final Scoreboard - Statistics

General Stats
  • This quiz has been taken 140 times
  • The average score is 19 of 26
Answer Stats
Place Country Points % Correct
1st Israel 529
97%
2nd Cyprus 436
94%
3rd Austria 342
92%
4th Germany 340
90%
24th United Kingdom 48
88%
26th Portugal 39
87%
5th Italy 308
84%
7th Sweden 274
84%
23rd Spain 61
79%
8th Estonia 245
78%
13th France 173
77%
9th Denmark 226
74%
6th Czechia 281
71%
25th Finland 46
71%
17th Ukraine 130
71%
14th Bulgaria 166
68%
15th Norway 144
68%
20th Australia 99
67%
11th Albania 184
66%
16th Ireland 136
66%
12th Lithuania 181
65%
10th Moldova 209
64%
19th Serbia 113
64%
21st Hungary 93
61%
18th Netherlands 121
60%
22nd Slovenia 64
58%
No matching quizzes found
Score Distribution
Percent of People with Each Score
Percentile by Number Answered
Your Score History
You have not taken this quiz